000 00421pab a2200169 454500
008 180718b2002 xxu||||| |||| 00| 0 eng d
100 _aBhattacharyya, Dipak Kumar
245 _aWTO and Indian labour
260 _c2002
300 _ap.579-92.
362 _aApr
650 _a World Trade Organization
650 _a Labour
650 _aLabour
773 _aIndian Journal of Industrial Relations
909 _a52936
999 _c52936
_d52936